Classics of public Administration (Record no. 3035)

MARC details
000 -LEADER
fixed length control field 00342nam a22001337a 4500
008 - FIXED-LENGTH DATA ELEMENTS--GENERAL INFORMATION
fixed length control field 250416b |||||||| |||| 00| 0 eng d
020 ## - INTERNATIONAL STANDARD BOOK NUMBER
ISBN 9780495565918
100 ## - MAIN ENTRY--AUTHOR
Author Shafritz Jay M.
245 ## - TITLE STATEMENT
Title Classics of public Administration
260 ## - PUBLICATION, DISTRIBUTION, ETC. (IMPRINT)
Place of publication Wadsworth
Name of publisher Micheal Rosenberg
Date of publication 2007
300 ## - COLLATION
Pagination 606p.
942 ## - ADDED ENTRY ELEMENTS (KOHA)
Item type Books
050 ## - LIBRARY OF CONGRESS CALL NUMBER
Classification number JA 253.58
Item number .S43
Holdings
Source of classification or shelving scheme Not for loan Permanent location Current location Date acquired Accession No. Full call number Barcode. Koha item type
Library of Congress Classification   Samuel Ogbemudia Main Library, University of Abuja Samuel Ogbemudia Main Library, University of Abuja 04/16/2025 2011/41091 JA 253.58.S43 2025-1436 Books